[Event "Khanty-Mansiysk Governor Cup Rapid"]
[Site "Khanty-Mansiysk"]
[Date "2023.11.27"]
[Round "7"]
[White "Pridorozhni, Aleksei"]
[Black "Sheka, Nikolay"]
[Result "1-0"]
[WhiteElo "2486"]
[BlackElo "1881"]
[PlyCount "67"]
[EventDate "2023.11.26"]
[EventType "swiss (rapid)"]
[EventRounds "11"]
[EventCountry "RUS"]
[SourceTitle "CB49_2023"]
[SourceDate "2023.12.06"]
[SourceVersion "1"]
[SourceVersionDate "2023.12.06"]
[SourceQuality "1"]

1. e4 c5 2. Nf3 g6 3. c3 Nf6 4. e5 Nd5 5. d4 cxd4 6. Qxd4 Nc7 7. Qh4 b5 8. Bh6 Bxh6 9. Qxh6 Ne6 10. Nbd2 Qb6 11. g3 Bb7 12. Bg2 Nc6 13. 0-0 0-0-0 14. b4 d5 15. exd6 exd6 16. a4 Ne5 17. axb5 Ng4 18. Qh4 h5 19. h3 Nh6 20. Qf6 Kb8 21. c4 h4 22. Nxh4 Bxg2 23. Kxg2 g5 24. Nf5 Nxf5 25. Qxf5 Qd4 26. Nf3 Qxc4 27. Rfc1 Qb3 28. b6 axb6 29. Rab1 Qa2 30. Qb5 Qa7 31. Rc6 Nc7 32. Rxb6+ Kc8 33. Qf5+ Ne6 34. Rc1+ 1-0

[Event "Khanty-Mansiysk Governor Cup Rapid"]
[Site "Khanty-Mansiysk"]
[Date "2023.11.26"]
[Round "2"]
[White "Demidov, Mikhail"]
[Black "Sheka, Nikolay"]
[Result "1-0"]
[WhiteElo "2562"]
[BlackElo "1881"]
[PlyCount "135"]
[EventDate "2023.11.26"]
[EventType "swiss (rapid)"]
[EventRounds "11"]
[EventCountry "RUS"]
[SourceTitle "CB49_2023"]
[SourceDate "2023.12.06"]
[SourceVersion "1"]
[SourceVersionDate "2023.12.06"]
[SourceQuality "1"]

1. Nf3 c5 2. e3 Nf6 3. d4 e6 4. c4 b6 5. d5 exd5 6. cxd5 d6 7. Nc3 a6 8. a4 g6 9. h3 Bg7 10. Bd3 0-0 11. 0-0 Nbd7 12. e4 Ne8 13. Re1 Rb8 14. Bf4 Qe7 15. Qe2 Nc7 16. e5 dxe5 17. Nxe5 Nxe5 18. Bxe5 Bxe5 19. Qxe5 Qxe5 20. Rxe5 Rd8 21. Re7 Ne8 22. Ra7 Rb7 23. Rxb7 Bxb7 24. Bc4 Nd6 25. b3 Re8 26. Rc1 Kg7 27. f3 f5 28. Kf2 Kf6 29. g4 f4 30. h4 Re3 31. Nd1 Re5 32. Nc3 Re3 33. Nd1 Re5 34. g5+ Ke7 35. Nc3 Nf5 36. Ne2 Bxd5 37. Nxf4 Bxc4 38. bxc4 Nd4 39. Rb1 b5 40. cxb5 axb5 41. axb5 Kd7 42. Nd3 Rf5 43. f4 c4 44. Ne5+ Kc7 45. Ke3 Nc2+ 46. Ke4 Na3 47. b6+ Kb7 48. Ra1 Nc2 49. Rc1 Na3 50. Ra1 Nb5 51. Nxc4 Rc5 52. Ne5 Nd6+ 53. Kd4 Rb5 54. Nd7 Kc6 55. Nf6 Rxb6 56. Rc1+ Kb7 57. Nxh7 Nf5+ 58. Kd5 Nxh4 59. Nf6 Ng2 60. f5 Ne3+ 61. Ke5 Nxf5 62. Nd5 Rb5 63. Ke6 Nd4+ 64. Kd6 Nf5+ 65. Ke6 Nd4+ 66. Ke5 Nf5 67. Rc3 Ne7 68. Rc7+ 1-0

[Event "St Petersburg Korchnoi Memorial op"]
[Site "St Petersburg"]
[Date "2023.08.22"]
[Round "7"]
[White "Getman, Tatyana"]
[Black "Sheka, Nikolay"]
[Result "1-0"]
[WhiteElo "2211"]
[BlackElo "1953"]
[PlyCount "73"]
[EventDate "2023.08.18"]
[EventType "swiss"]
[EventRounds "9"]
[EventCountry "RUS"]
[SourceTitle "EXT 2024"]
[Source "ChessBase"]
[SourceDate "2023.10.10"]
[SourceVersion "1"]
[SourceVersionDate "2023.10.10"]
[SourceQuality "1"]

1. d4 Nf6 2. c4 e6 3. Nc3 Bb4 4. Qc2 c5 5. dxc5 Qc7 6. Bd2 a6 7. Nf3 Bxc5 8. e3 Be7 9. Bd3 b6 10. 0-0 Bb7 11. a3 d6 12. b4 0-0 13. e4 Nbd7 14. h3 Rac8 15. Rac1 Qb8 16. Rfe1 Rfe8 17. Bf4 Qa8 18. Qd2 Bf8 19. Bh2 Red8 20. Qe2 h6 21. Nd4 d5 22. cxd5 exd5 23. e5 Re8 24. Qb2 Ne4 25. f3 Nxc3 26. Rxc3 g6 27. Rxc8 Qxc8 28. Rc1 Qd8 29. e6 Nb8 30. Rc7 Re7 31. Rxe7 Bxe7 32. exf7+ Kxf7 33. Qc2 Nd7 34. Bxg6+ Kg8 35. Bf7+ Kxf7 36. Qh7+ Kf6 37. Qf5+ 1-0

[Event "St Petersburg Korchnoi Memorial op"]
[Site "St Petersburg"]
[Date "2023.08.21"]
[Round "5"]
[White "Lezina, Anna"]
[Black "Sheka, Nikolay"]
[Result "1/2-1/2"]
[WhiteElo "1659"]
[BlackElo "1953"]
[PlyCount "118"]
[EventDate "2023.08.18"]
[EventType "swiss"]
[EventRounds "9"]
[EventCountry "RUS"]
[SourceTitle "EXT 2024"]
[Source "ChessBase"]
[SourceDate "2023.10.10"]
[SourceVersion "1"]
[SourceVersionDate "2023.10.10"]
[SourceQuality "1"]

1. e4 c5 2. Nf3 g6 3. g3 Bg7 4. Bg2 Nc6 5. 0-0 d6 6. Re1 Nf6 7. c3 0-0 8. d4 cxd4 9. cxd4 e5 10. d5 Nb4 11. Nc3 a5 12. h3 Ne8 13. a3 Na6 14. b4 f5 15. Qb3 h6 16. Be3 axb4 17. axb4 Nac7 18. Rxa8 Nxa8 19. Nh4 f4 20. Bd2 g5 21. Nf3 Nf6 22. g4 h5 23. Nxg5 hxg4 24. Ne6 Bxe6 25. dxe6 Qe7 26. hxg4 Nc7 27. Nd5 Qxe6 28. Nxf6+ Bxf6 29. Qxe6+ Nxe6 30. Bf1 Nd4 31. Kg2 Bh4 32. Bc4+ Kg7 33. Rh1 Rc8 34. Rc1 b5 35. Bd5 Rxc1 36. Bxc1 Kf6 37. Bd2 f3+ 38. Kf1 Bg5 39. Bc3 Ne2 40. Ba1 Bd2 41. Bc6 Bxb4 42. Bxb5 Nf4 43. Bb2 Nh3 44. Bc1 Bc5 45. g5+ Kg7 46. Be8 Nxf2 47. Bh5 Nxe4 48. Bxf3 Ng3+ 49. Kg2 Nf5 50. Be4 Ne7 51. Kf3 Kf7 52. Bb2 Ke6 53. Ke2 d5 54. Bh7 d4 55. Kd3 Nc8 56. Kc4 Be7 57. Bxd4 exd4 58. Kxd4 Bxg5 59. Bc2 Nd6 1/2-1/2

[Event "St Petersburg Korchnoi Memorial op"]
[Site "St Petersburg"]
[Date "2023.08.20"]
[Round "4"]
[White "Sheka, Nikolay"]
[Black "Plonskiy, Danila"]
[Result "1-0"]
[WhiteElo "1953"]
[BlackElo "1589"]
[PlyCount "83"]
[EventDate "2023.08.18"]
[EventType "swiss"]
[EventRounds "9"]
[EventCountry "RUS"]
[SourceTitle "EXT 2024"]
[Source "ChessBase"]
[SourceDate "2023.10.10"]
[SourceVersion "1"]
[SourceVersionDate "2023.10.10"]
[SourceQuality "1"]

1. e4 e5 2. Nc3 Nf6 3. Bc4 Bb4 4. d3 d5 5. exd5 Nxd5 6. Nge2 Bg4 7. Bxd5 Bxc3+ 8. bxc3 Qxd5 9. f3 Bf5 10. 0-0 Nd7 11. Be3 0-0-0 12. c4 Qe6 13. Qe1 h5 14. Qa5 a6 15. Nc3 Nf6 16. Rab1 Rd6 17. Rb3 b6 18. Qxa6+ Kd7 19. Qb5+ Ke7 20. c5 Rc6 21. Re1 Nd5 22. Nxd5+ Qxd5 23. c4 Qd7 24. cxb6 cxb6 25. Qxe5+ Be6 26. Qxg7 Qe8 27. Qg5+ Kd7 28. Rxb6 Rxb6 29. Bxb6 Qa8 30. d4 Qc6 31. Bc5 Re8 32. Qe3 Rc8 33. Kh1 h4 34. h3 Qc7 35. d5 Qxc5 36. dxe6+ fxe6 37. Qxe6+ Kc7 38. Rd1 Qb4 39. a3 Qxa3 40. Qd7+ Kb6 41. Rb1+ Kc5 42. Qd5# 1-0

[Event "Ekaterinburg Rapid op"]
[Site "Ekaterinburg"]
[Date "2023.08.11"]
[Round "2"]
[White "Polschikov, Alexey"]
[Black "Sheka, Nikolay"]
[Result "1/2-1/2"]
[WhiteElo "2402"]
[BlackElo "1953"]
[PlyCount "85"]
[EventDate "2023.08.11"]
[EventType "swiss (rapid)"]
[EventRounds "11"]
[EventCountry "RUS"]
[SourceTitle "CBM 215 Extra"]
[Source "ChessBase"]
[SourceDate "2023.09.30"]
[SourceVersion "1"]
[SourceVersionDate "2023.09.30"]
[SourceQuality "1"]

1. d4 Nf6 2. c4 e6 3. Nf3 Bb4+ 4. Bd2 a5 5. g3 Nc6 6. Bg2 d6 7. 0-0 Bxd2 8. Qxd2 0-0 9. Nc3 e5 10. Rfd1 Bg4 11. dxe5 dxe5 12. Qe3 Qe7 13. Nd5 Nxd5 14. cxd5 Nb4 15. Rd2 Rfe8 16. a3 Na6 17. Rc1 Rad8 18. Ng5 Bf5 19. Ne4 Bxe4 20. Bxe4 b6 21. Bd3 Nc5 22. Bb5 Rf8 23. b4 axb4 24. axb4 Nb7 25. Bd3 Nd6 26. Rdc2 Rd7 27. Rc6 f5 28. Bb1 f4 29. Qc3 fxg3 30. hxg3 Qf7 31. Qe3 Qxd5 32. Bc2 Qd4 33. Bb3+ Kh8 34. Qxd4 exd4 35. Rxc7 Rxc7 36. Rxc7 Ne4 37. Bf7 g6 38. Kg2 Nxf2 39. Kxf2 Kg7 40. Ke1 Rxf7 41. Rc6 Rf6 42. Rc7+ Rf7 43. Rc6 1/2-1/2

[Event "Khanty-Mansiysk Governor Cup 18th"]
[Site "Khanty-Mansiysk"]
[Date "2022.11.18"]
[Round "2"]
[White "Sheka, Nikolay"]
[Black "Ponkratov, Pavel"]
[Result "0-1"]
[WhiteElo "1911"]
[BlackElo "2593"]
[PlyCount "88"]
[EventDate "2022.11.17"]
[EventType "swiss"]
[EventRounds "9"]
[EventCountry "RUS"]
[SourceTitle "CBM 211 Extra"]
[Source "ChessBase"]
[SourceDate "2023.01.31"]
[SourceVersion "1"]
[SourceVersionDate "2023.01.31"]
[SourceQuality "1"]

1. e4 e5 2. Nc3 Nf6 3. f4 d5 4. fxe5 Nxe4 5. Qf3 Be6 6. Nxe4 dxe4 7. Qxe4 Bd5 8. Qg4 Nc6 9. Bb5 h5 10. Qg3 Qe7 11. c4 h4 12. Qf2 Bxc4 13. Bxc4 Nxe5 14. Bxf7+ Qxf7 15. Qxf7+ Kxf7 16. d4 Bb4+ 17. Ke2 Rae8 18. Nh3 Nc6+ 19. Kd3 Rh5 20. Bg5 Kg6 21. Be3 Bd6 22. a3 Rb5 23. b4 a5 24. Kc4 Rf5 25. Bf2 axb4 26. axb4 b5+ 27. Kb3 Rxf2 28. Nxf2 Re3+ 29. Kc2 Re2+ 30. Kd3 Rxf2 31. Ke3 Rxg2 32. Kf3 h3 33. Rhg1 Nxd4+ 34. Ke4 Ne2 35. Rge1 Rxh2 36. Ke3 Nf4 37. Red1 Kf5 38. Ra5 g5 39. Rxb5+ Be5 40. Rd7 Re2+ 41. Kf3 g4+ 42. Kg3 Nd5+ 43. Kh4 h2 44. Rf7+ Bf6+ 0-1

[Event "EU-ch U10 27th"]
[Site "Mamaia"]
[Date "2017.09.12"]
[Round "7"]
[White "Podolskyi, Mykhailo"]
[Black "Sheka, Nikolay"]
[Result "1-0"]
[WhiteElo "1552"]
[BlackElo "1644"]
[PlyCount "119"]
[EventDate "2017.09.05"]
[EventType "swiss"]
[EventRounds "9"]
[EventCountry "ROU"]
[SourceTitle "CBM 180 Extra"]
[Source "ChessBase"]
[SourceDate "2017.10.06"]
[SourceVersion "1"]
[SourceVersionDate "2017.10.06"]
[SourceQuality "1"]

1. d4 d5 2. c4 e6 3. Nc3 c5 4. cxd5 exd5 5. Nf3 Nc6 6. g3 Nf6 7. Bg2 Be7 8. 0-0 0-0 9. dxc5 Bxc5 10. Na4 Be7 11. Be3 Bg4 12. Rc1 d4 13. Nxd4 Nxd4 14. Qxd4 Bxe2 15. Rfe1 Ba6 16. Red1 Qa5 17. Bd2 Qh5 18. Re1 Rfd8 19. Qf4 Bd6 20. Qg5 Qxg5 21. Bxg5 Rdc8 22. Red1 Bb4 23. Bh3 Rxc1 24. Rxc1 Ne4 25. Be3 b6 26. Bg2 f5 27. a3 Bd6 28. Rd1 Be2 29. Rc1 Rd8 30. Bf1 Bf3 31. Bg2 Bh5 32. g4 Bg6 33. gxf5 Bxf5 34. Kh1 Be5 35. Nc3 Nxc3 36. bxc3 Rd3 37. c4 Rxa3 38. c5 bxc5 39. Bd5+ Kh8 40. Rxc5 Bh3 41. Bc1 Bd4 42. Bxa3 Bxc5 43. Bxc5 a5 44. Bc6 g5 45. Bb6 g4 46. Bg2 Bxg2+ 47. Kxg2 a4 48. Kg3 Kg7 49. Kxg4 a3 50. h4 a2 51. Bd4+ Kh6 52. f4 Kg6 53. f5+ Kh6 54. f6 Kg6 55. h5+ Kf7 56. Kg5 Kf8 57. Kh6 Kg8 58. Bb2 Kf7 59. Kxh7 Kf8 60. Kg6 1-0

[Event "EU-ch U10 27th"]
[Site "Mamaia"]
[Date "2017.09.09"]
[Round "5"]
[White "Nicolae, Dan Stefan"]
[Black "Sheka, Nikolay"]
[Result "0-1"]
[WhiteElo "1364"]
[BlackElo "1644"]
[PlyCount "94"]
[EventDate "2017.09.05"]
[EventType "swiss"]
[EventRounds "9"]
[EventCountry "ROU"]
[SourceTitle "CBM 180 Extra"]
[Source "ChessBase"]
[SourceDate "2017.10.06"]
[SourceVersion "1"]
[SourceVersionDate "2017.10.06"]
[SourceQuality "1"]

1. d4 d5 2. Nf3 c5 3. e3 Nf6 4. c3 Bf5 5. Bd3 Bxd3 6. Qxd3 Nc6 7. Nbd2 e6 8. 0-0 Bd6 9. Qc2 0-0 10. Rd1 Qc7 11. h3 e5 12. dxe5 Nxe5 13. Nxe5 Bxe5 14. Nf3 Bd6 15. b3 Rad8 16. Bb2 c4 17. Rac1 b5 18. Qe2 Be7 19. Nd4 Qd7 20. b4 Ne4 21. Rc2 Rfe8 22. Qf1 Bf6 23. Nf3 Qc7 24. Nd2 a5 25. a3 axb4 26. axb4 h6 27. Nxe4 dxe4 28. Rcd2 Rd3 29. Rc2 Red8 30. Rdc1 Bg5 31. Kh1 f5 32. Re1 Rd2 33. Rxd2 Rxd2 34. Ba1 Rd3 35. Bb2 Bf6 36. Rc1 f4 37. exf4 Qxf4 38. Ba1 Rd2 39. f3 Be5 40. Qg1 exf3 41. g3 Qe4 42. Rf1 Rg2 43. Qc5 Bxg3 44. Qc8+ Kh7 45. Qg4 Rh2+ 46. Kg1 f2+ 47. Rxf2 Qh1# 0-1

[Event "EU-ch U10 27th"]
[Site "Mamaia"]
[Date "2017.09.08"]
[Round "4"]
[White "Sheka, Nikolay"]
[Black "Paszkowski, Krystian"]
[Result "0-1"]
[WhiteElo "1644"]
[BlackElo "1495"]
[PlyCount "86"]
[EventDate "2017.09.05"]
[EventType "swiss"]
[EventRounds "9"]
[EventCountry "ROU"]
[SourceTitle "CBM 180 Extra"]
[Source "ChessBase"]
[SourceDate "2017.10.06"]
[SourceVersion "1"]
[SourceVersionDate "2017.10.06"]
[SourceQuality "1"]

1. e4 e6 2. d4 d5 3. Nc3 Bb4 4. a3 Bxc3+ 5. bxc3 Ne7 6. e5 c5 7. Nf3 Nbc6 8. Bd3 Qc7 9. 0-0 Bd7 10. Rb1 b6 11. Kh1 cxd4 12. cxd4 Na5 13. Nd2 Nc4 14. Bxc4 dxc4 15. Ne4 0-0 16. c3 Nd5 17. f4 Bc6 18. Qg4 Kh8 19. Rf3 Nxc3 20. Nxc3 Bxf3 21. Qxf3 Qd7 22. Nb5 Rad8 23. Bd2 Qd5 24. Qe3 a6 25. Nd6 Rb8 26. h3 a5 27. Qc3 b5 28. Be3 a4 29. Rb4 Kg8 30. Qb2 Rb6 31. Rxa4 c3 32. Qb4 bxa4 33. Qxb6 Qb3 34. Qc5 c2 35. Bd2 Rb8 36. Kh2 Qd3 37. Qc7 Rf8 38. Qa5 Qxa3 39. Qc5 Qd3 40. Nc4 a3 41. Nxa3 Qxd2 42. Qxc2 Qxf4+ 43. Kh1 Qxd4 0-1